| 000 -LEADER |
| fixed length control field |
01887cam a22003734a 4500 |
| 001 - CONTROL NUMBER |
| control field |
15258100 |
| 005 - DATE AND TIME OF LATEST TRANSACTION |
| control field |
20221230162504.0 |
| 008 - FIXED-LENGTH DATA ELEMENTS--GENERAL INFORMATION |
| fixed length control field |
080411s2009 dcuab b 001 0 eng |
| 010 ## - LIBRARY OF CONGRESS CONTROL NUMBER |
| LC control number |
2008013296 |
| 020 ## - INTERNATIONAL STANDARD BOOK NUMBER |
| International Standard Book Number |
9781597264112 (cloth : alk. paper) |
| 020 ## - INTERNATIONAL STANDARD BOOK NUMBER |
| International Standard Book Number |
1597264113 (cloth : alk. paper) |
| 020 ## - INTERNATIONAL STANDARD BOOK NUMBER |
| International Standard Book Number |
9781597264129 (pbk. : alk. paper) |
| 020 ## - INTERNATIONAL STANDARD BOOK NUMBER |
| International Standard Book Number |
1597264121 (pbk. : alk. paper) |
| 040 ## - CATALOGING SOURCE |
| Original cataloging agency |
DLC |
| Transcribing agency |
DLC |
| Modifying agency |
DLC |
| 043 ## - GEOGRAPHIC AREA CODE |
| Geographic area code |
u-at--- |
| 050 00 - LIBRARY OF CONGRESS CALL NUMBER |
| Classification number |
HT243.A8 |
| Item number |
B43 2009 |
| 082 00 - DEWEY DECIMAL CLASSIFICATION NUMBER |
| Classification number |
307.1/2160994 |
| Edition number |
22 |
| 100 1# - MAIN ENTRY--PERSONAL NAME |
| Personal name |
Beatley, Timothy, |
| Dates associated with a name |
1957- |
| 245 10 - TITLE STATEMENT |
| Title |
Green urbanism down under : |
| Remainder of title |
learning from sustainable communities in Australia / |
| Statement of responsibility, etc. |
Timothy Beatley with Peter Newman. |
| 260 ## - PUBLICATION, DISTRIBUTION, ETC. |
| Place of publication, distribution, etc. |
Washington, DC : |
| Name of publisher, distributor, etc. |
Island Press, |
| Date of publication, distribution, etc. |
2009. |
| 300 ## - PHYSICAL DESCRIPTION |
| Extent |
x, 264 p. : |
| Other physical details |
ill., maps ; |
| Dimensions |
24 cm. |
| 504 ## - BIBLIOGRAPHY, ETC. NOTE |
| Bibliography, etc. note |
Includes bibliographical references (p. [248]-256) and index. |
| 505 0# - FORMATTED CONTENTS NOTE |
| Formatted contents note |
Greening and sustaining cities -- New and hopeful perspectives on ecological assets -- Strengthening place, building community -- Bush cities: Australia's urban ecological capitals -- The importance of regional and state planning -- Learning from Australia: some final thoughts on the value of comparative green urbanism. |
| 650 #0 - SUBJECT ADDED ENTRY--TOPICAL TERM |
| Topical term or geographic name entry element |
City planning |
| Geographic subdivision |
Australia. |
| 650 #0 - SUBJECT ADDED ENTRY--TOPICAL TERM |
| Topical term or geographic name entry element |
City planning |
| General subdivision |
Environmental aspects. |
| 650 #0 - SUBJECT ADDED ENTRY--TOPICAL TERM |
| Topical term or geographic name entry element |
Sustainable development. |
| 650 #0 - SUBJECT ADDED ENTRY--TOPICAL TERM |
| Topical term or geographic name entry element |
Cities and towns |
| Geographic subdivision |
Australia. |
| 700 1# - ADDED ENTRY--PERSONAL NAME |
| Personal name |
Newman, Peter, |
| Dates associated with a name |
1945- |
| 856 41 - ELECTRONIC LOCATION AND ACCESS |
| Materials specified |
Table of contents only |
| Uniform Resource Identifier |
<a href="http://www.loc.gov/catdir/toc/ecip0816/2008013296.html">http://www.loc.gov/catdir/toc/ecip0816/2008013296.html</a> |
| 906 ## - LOCAL DATA ELEMENT F, LDF (RLIN) |
| a |
7 |
| b |
cbc |
| c |
orignew |
| d |
1 |
| e |
ecip |
| f |
20 |
| g |
y-gencatlg |
| 925 1# - |
| -- |
acquire |
| -- |
2 shelf copies |
| -- |
policy default |
| 925 0# - |
| -- |
acquire |
| -- |
2 shelf copies |
| -- |
KW, 2016-09-08 |
| 955 ## - COPY-LEVEL INFORMATION (RLIN) |
| -- |
sd96 2008-04-16 to Dewey |
| -- |
re11 2009-01-07 |
| -- |
re11 2009-01-07 |
| -- |
xh14 2011-04-13 copy 2 added |